• 首页
  • 本馆介绍
  • 公告通知
  • 最新文献
  • 馆藏检索
  • 电子资源
  • 读者导购
  • 参考咨询
  • 我的图书馆
  • 登录
  • 详细信息显示
  • 放入我的书架
  • 预约/预借图书
  • 作者相关作品
  • 分类相关作品
  • 丛书相关作品
  • 出版社相关作品

书目信息

  • 表格格式
  • 工作单格式
  • 卡片格式
题名:
西周封国考疑
    
 
作者: 任伟 著
分册:  
出版信息: 北京   社会科学文献出版社  2004
页数: 402页
开本: 19cm
丛书名: 东方历史学术文库
单 册:
中图分类: K224.07
科图分类:
主题词: 史料--研究--西周
电子资源:
ISBN: 7-80190-238-6
000 00878oam2 2200253 45
001 002728873
005 20050104145732.8
010    @a7-80190-238-6@dCNY30.00
100    @a20040920d2004 em y0chiy0110 ea
101 0  @achi
102    @aCN@b110000
105    @aab z 000yy
200 1  @a西周封国考疑@Axi zhou feng guo kao yi@f任伟著@FRen Wei Zhu
210    @a北京@c社会科学文献出版社@d2004
215    @a402页@c图,地图@d19cm
225 2  @a东方历史学术文库
300    @a东方历史研究出版基金资助出版 郑州大学“十五”“211”重点学科建设项目——中国古代文明与考古学资助出版
330    @a本书是对西周时代分封制的研究,选择地九个重要的诸侯国,对其始封时间、都城、受封者身世等问题进行了考证。
410    @12001 @a东方历史学术文库
606 0  @a史料@x研究@z西周
690    @aK224.07@v4
701  0 @a任伟@4著
801  0 @aCN@bNLC@c20041019
905    @b341701-706@dK224.07@e20@f6
    
    西周封国考疑/任伟著.-北京:社会科学文献出版社,2004
    402页:图,地图;19cm.-(东方历史学术文库)
    东方历史研究出版基金资助出版 郑州大学“十五”“211”重点学科建设项目——中国古代文明与考古学资助出版
    
    ISBN 7-80190-238-6:CNY30.00
    本书是对西周时代分封制的研究,选择地九个重要的诸侯国,对其始封时间、都城、受封者身世等问题进行了考证。
●
相关链接 在E读中查询图书 在五车中查询图书 在当当中查询图书 在豆瓣中查询图书


正题名:西周封国考疑     索取号:K224.07/20         预约/预借

序号 登录号 条形码 馆藏地/架位号 状态 备注
1 0341701   203417016   第二样本阅览室/ [索取号:K224.07/20] 在馆    
2 0341702   203417025   第二借阅区/ [索取号:K224.07/20] 在馆    
3 0341703   203417034   第二借阅区/ [索取号:K224.07/20] 在馆    
4 0341704   203417043   第二借阅区/ [索取号:K224.07/20] 在馆    
5 0341705   203417052   第二借阅区/ [索取号:K224.07/20] 在馆    
6 0341706   203417061   第二借阅区/ [索取号:K224.07/20] 在馆    
唐山师范学院图书馆 欢迎您!
大连网信软件有限公司© 版权所有